00871nam a2200217 a 450000100100000000500170001000800410002704000250006808200200009324500500011324600540016326000600021730000200027749000170029750002120031458600330052665000240055965000240058365000270060783000190063400002819520240530073935.0110407s1962 dr r 000 p spa d aDO-SdBNPbspacBNPHU aRD861.44bC961p00a4 poemas heroicos :bun ensayo - un discurso.1 aCuatro poemas heroicos :bun ensayo - un discurso aSanto Domingo :bEdiciones Brigadas Dominicanas,c1962. a73 p. ;c24 cm.1 aBaluartev10 aConcurso literario celebrado por el comité ejecutivo de la Junta Pro Glorificación de los héroes del 30 de mayo, de las Hermanas Mirabal, Luperón, Maimón, Constanza y Estero Hondo, mayo 30 de 1962. aPremios de poesía y prosa. 0aPoesía dominicana 0aEnsayos dominicanos 0aLiteratura dominicana. 0aBaluarte ;v10